000 00850nam a22002177a 4500
008 240605b mp ||||| |||| 00| 0 mon d
020 _a978-99929-0-420-8
035 _a26388
040 _aHE0623081
_bmon
_cMN-UlNLM
_dMN-UlNLM
_erda
041 _amon
042 _a61516
084 _2NNA
_a83.98
_bТ.784
245 0 _aМонголын нууц товчоо:[Маш хураангуй]
264 _aУБ.
_bМонсудар
_c2009
300 _a8х.
336 _2rdacontent
_atext
_btxt
337 _2rdamedia
_aunmediated
_bn
338 _2rdacarrier
_avolume
_bnc
650 _aЭнэхүү номонд монголын нууц товчоог хүүхдүүдэд ойлгомжтойгоор хураангуйлан үлгэр хэлбэрээр өгүүлжээ. хураангуй монголын нууц то...
942 _2NNA
_cBK
999 _c895347
_d895404